| 000 | 00929nam a22003257a 4500 | ||
|---|---|---|---|
| 005 | 20250624152619.0 | ||
| 008 | 230306b2019 |||||||| |||| 00| 0 spa d | ||
| 020 | _a9788417289386 | ||
| 041 | _aESP | ||
| 082 | _a004.67 C365p | ||
| 100 | _aCastro Ramos, Juan Manuel | ||
| 100 | _aRodríguez Sánchez, José Ramón | ||
| 245 | _aPlanificación y administración de redes | ||
| 250 | _a2 edición | ||
| 260 |
_aEspaña _bIbergaceta _c2019 |
||
| 490 | _aTecnologías de la Información | ||
| 650 | _aREDES DE COMPUTADORAS | ||
| 650 | _aCARACTERIZACIÓN DE REDES | ||
| 650 | _aARQUICTECTURA DE RED | ||
| 650 | _aREDES DE ÁREA LOCAL | ||
| 650 | _aSWITCH | ||
| 650 | _aDISEÑO DE UNA RED | ||
| 650 | _aDIRECCIONAMIENTO IP | ||
| 650 | _aROUTER | ||
| 650 | _aENRUTAMIENTO ESTÁTICO Y DINAMICO | ||
| 650 | _aPROCTOCOLOS TCP Y UDP | ||
| 650 | _aSEGUIRIDAD | ||
| 650 | _aACCESO A INTERNET | ||
| 942 |
_cBK _2ddc |
||
| 999 |
_c13504 _d13504 |
||